Striving for excellence : (Record no. 2374)

MARC details
000 -LEADER
fixed length control field 01578cam a2200349 a 4500
001 - CONTROL NUMBER
control field 8535665
003 - CONTROL NUMBER IDENTIFIER
control field GBCCL
005 - DATE AND TIME OF LATEST TRANSACTION
control field 20241126110428.0
008 - FIXED-LENGTH DATA ELEMENTS--GENERAL INFORMATION
fixed length control field 080726s2007 ii a g b 010 0 eng d
035 ## - SYSTEM CONTROL NUMBER
System control number (OCoLC)ocn689207236
035 ## - SYSTEM CONTROL NUMBER
System control number (IiNdDKA)DK-185994-PBK
035 ## - SYSTEM CONTROL NUMBER
System control number 8535665
040 ## - CATALOGING SOURCE
Original cataloging agency IiNdDKA
Language of cataloging eng
Transcribing agency IiNdDKA
043 ## -
-- a-ii---
-- a------
082 04 - DEWEY DECIMAL CLASSIFICATION NUMBER
Classification number 268
-- 230.071 05
Edition information 22
Item number JOH
245 00 - TITLE STATEMENT
Title Striving for excellence :
Remainder of title educational ministry in the church : essays in honour of the Rt. Rev. Dr. Narendra John /
Statement of responsibility, etc. edited by Siga Arles, Brian C. Wintle.
250 ## - EDITION STATEMENT
Edition statement 1st ed.
260 ## - PUBLICATION, DISTRIBUTION, ETC.
Place of publication, distribution, etc. Bangalore :
Name of publisher, distributor, etc. Asia Theological Association,
Date of publication, distribution, etc. 2007.
300 ## - PHYSICAL DESCRIPTION
Extent 413 p. :
Other physical details ill. (some col.) ;
Dimensions 22 cm.
504 ## - BIBLIOGRAPHY, ETC. NOTE
Bibliography, etc. note Includes bibliographical references.
505 0# - FORMATTED CONTENTS NOTE
Formatted contents note pt. 1. Narendra John : a man who impacts lives -- pt. 2. Narendra John : an educationist -- pt. 3. Narendra John : a teacher for the task of mission in Asia -- pt. 4. Narendra John : a 'Biblical' Christian.
520 ## - SUMMARY, ETC.
Summary, etc. Narendra John, b. 1946, Bishop of Free Methodist Church of India and Secretary of Asia Theological Association; contributed articles.
650 #0 - SUBJECT ADDED ENTRY--TOPICAL TERM
Topical term or geographic name entry element Theology
General subdivision Study and teaching
Geographic subdivision India.
9 (RLIN) 1297
650 #0 - SUBJECT ADDED ENTRY--TOPICAL TERM
Topical term or geographic name entry element Theology
General subdivision Study and teaching
Geographic subdivision Asia.
9 (RLIN) 4920
650 #0 - SUBJECT ADDED ENTRY--TOPICAL TERM
Topical term or geographic name entry element Christian education
Geographic subdivision India.
9 (RLIN) 3228
650 #0 - SUBJECT ADDED ENTRY--TOPICAL TERM
Topical term or geographic name entry element Christian education
Geographic subdivision Asia.
9 (RLIN) 4921
700 1# - ADDED ENTRY--PERSONAL NAME
Personal name John, Narendra,
Dates associated with a name 1946-
9 (RLIN) 4922
700 1# - ADDED ENTRY--PERSONAL NAME
Personal name Arles, Siga,
Dates associated with a name 1950-
9 (RLIN) 1315
700 1# - ADDED ENTRY--PERSONAL NAME
Personal name Wintle, Brian C.
Fuller form of name (Brian Charles),
Dates associated with a name 1944-
9 (RLIN) 2288
710 2# - ADDED ENTRY--CORPORATE NAME
Corporate name or jurisdiction name as entry element Asia Theological Association, India
9 (RLIN) 2291
942 ## - ADDED ENTRY ELEMENTS (KOHA)
Source of classification or shelving scheme Dewey Decimal Classification
Koha item type Books
Koha issues (borrowed), all copies 2
Holdings
Withdrawn status Lost status Source of classification or shelving scheme Damaged status Not for loan Home library Current Library Shelving location Date acquired Total checkouts Full call number Barcode Date last seen Date last checked out Copy number Price effective from Koha item type
    Dewey Decimal Classification     GRACE BIBLE COLLEGE GRACE BIBLE COLLEGE Ministry & Mission 2017-08-09 3 268 JOH 010161 2025-05-08 2025-05-08 c.1 2017-08-09 Books
© Grace Bible College Library 2025